000 00433nam a2200181Ia 4500
001 1862
005 20260306143800.0
008 260306t2016||||xx |||||||||||||| ||spa||
041 _aESP
082 _a155.93
_bV66
100 _aVillarreal Huertas, David R.
_eAUT
245 0 _aApuntes en terapia sistémica
260 _c2016
300 _a167 páginas :
_c24 cm.
650 _aGEN
654 _aCPS
942 _cLIB
_dJUS
_fJUS
_2ddc
_n
999 _c1862
_d1862